[Event "GER-chT Youth Countries 2019"]
[Site "Wuerzburg"]
[Date "2019.10.02"]
[Round "1"]
[White "Schmidek, Emil"]
[Black "Ratay, Meike"]
[Result "1-0"]
[WhiteElo "2387"]
[BlackElo "2032"]
[Annotator "TA"]
[PlyCount "67"]
[EventDate "2019.10.02"]
[EventType "swiss"]
[EventRounds "7"]
[EventCountry "GER"]
[SourceTitle "playchess.com"]
[Source "ChessBase"]
[SourceQuality "1"]
[WhiteTeam "Germany"]
[BlackTeam "Germany"]
[WhiteTeamCountry "GER"]
[BlackTeamCountry "GER"]

{[%evp 21,67,0,14,0,40,34,45,58,58,41,51,46,69,47,54,58,111,113,119,107,129,97,82,91,133,58,63,64,96,69,211,218,219,211,220,205,239,214,358,351,341,339,700,700,635,405,29995,29996]} 1. e4 c5 2. Nf3 d6 3. d4 Nf6 4. Nc3 cxd4 5. Nxd4 a6 6. Bg5 e6 7. f4 Nbd7 8. Qf3 Qc7 9. O-O-O b5 10. Bd3 Bb7 11. Rhe1 Qb6 (11... h6 $5 {[%cal Rh6g5]} 12. Qh3 O-O-O $11) 12. Qe3 {B96: Sicilian Najdorf: 6 Bg5 e6 7 f4, lines other than 7...Qb6 and 7...Be7} O-O-O 13. f5 e5 14. Nb3 {White is slightly better.} Be7 15. Qxb6 Nxb6 16. Na5 {[#]} h6 $146 ({Predecessor:} 16... Nfd5 17. Bxe7 Nxe7 18. a4 bxa4 19. Nc4 Kc7 20. Nxb6 Kxb6 {1-0 (43) Ivanchuk,V (2740)-Efimenko,Z (2660) Dagomys 2008}) 17. Bxf6 Bxf6 18. a4 b4 {[#]} ({Black should play} 18... bxa4 $14 19. Bc4 Rhf8) 19. Na2 $1 $16 Nxa4 20. Bc4 Nc5 21. Bd5 Bxd5 22. Rxd5 g6 23. fxg6 (23. Nxb4 $16 gxf5 24. exf5) 23... fxg6 $14 24. Nxb4 Rhf8 25. Kb1 Bg7 ({Black should try} 25... Kd7 $14) 26. Nc4 $18 Kc7 {[#]} 27. Nxd6 $1 {[%mdl 576] Remove Defender} Rxd6 28. Rxc5+ Kb7 29. Nd5 {Threatens to win with Rc7+.} Rd7 (29... Rc6 $142 30. Rxc6 Kxc6) 30. Re3 Rf1+ 31. Ka2 Rf2 $2 (31... Bf8) 32. Rb3+ Ka7 33. Rc6 Rxg2 (33... Bf8 $18 34. Rbb6 Rb7 35. Rxa6+ Kb8) 34. Nc7 {Accuracy: White = 74%, Black = 30%.} 1-0

[Event "GER-chT Youth Countries 2019"]
[Site "Wuerzburg"]
[Date "2019.10.02"]
[Round "1"]
[White "Nothnagel, Marian Can"]
[Black "Degenhard, Simon"]
[Result "1-0"]
[WhiteElo "2376"]
[BlackElo "2084"]
[Annotator "ChessBase"]
[PlyCount "107"]
[EventDate "2019.10.02"]
[EventType "swiss"]
[EventRounds "7"]
[EventCountry "GER"]
[SourceTitle "playchess.com"]
[Source "ChessBase"]
[SourceQuality "1"]
[WhiteTeam "Hessen"]
[BlackTeam "Württemberg"]
[WhiteTeamCountry "GER"]
[BlackTeamCountry "GER"]
[TimeControl "40/5400+30:1800+30"]

1. Nf3 {[%emt 0:00:00]} c5 {[%emt 0:00:00]} 2. g3 {[%emt 0:00:00]} Nc6 {[%emt 0:00:27]} 3. Bg2 {[%emt 0:00:00]} g6 {[%emt 0:00:17]} 4. O-O {[%emt 0:00:00]} Bg7 {[%emt 0:00:07]} 5. d3 {[%emt 0:00:00]} d5 {[%emt 0:00:40]} 6. Nbd2 {[%emt 0:00:00]} e6 {[%emt 0:00:12]} 7. e4 {[%emt 0:00:00]} Nge7 {[%emt 0:00:15]} 8. Re1 {[%emt 0:00:00]} b6 {[%emt 0:00:19]} 9. c3 {[%emt 0:00:00]} a5 {[%emt 0:00:25]} 10. Qe2 {[%emt 0:04:16]} Ba6 {[%emt 0:01:37]} 11. e5 {[%emt 0:00:19]} Qc7 {[%emt 0:04:24]} 12. Nf1 {[%emt 0:00:51]} a4 {[%emt 0:03:54]} 13. h4 {[%emt 0:00:17]} Rd8 {[%emt 0:11:24]} 14. Bf4 {[%emt 0:17:57]} b5 {[%emt 0:16:06]} 15. N1h2 {[%emt 0:12:12]} h5 {[%emt 0:01:12]} 16. Ng5 {[%emt 0:06:20]} Nf5 {[%emt 0:05:22]} 17. a3 {[%emt 0:02:32]} Rd7 {[%emt 0:11:32]} 18. Bh3 {[%emt 0:00:20]} Qd8 {[%emt 0:03:35]} 19. Nhf3 {[%emt 0:01:29]} Na5 {[%emt 0:07:05]} 20. Rad1 {[%emt 0:01:00]} Nb3 {[%emt 0:00:53]} 21. Bxf5 {[%emt 0:00:09]} gxf5 {[%emt 0:00:12]} 22. d4 {[%emt 0:02:49]} Qc8 {[%emt 0:03:27]} 23. Qe3 {[%emt 0:01:50]} b4 {[%emt 0:03:01]} 24. cxb4 {[%emt 0:19:51]} cxb4 {[%emt 0:00:19]} 25. Nd2 {[%emt 0:00:13]} Nxd2 {[%emt 0:07:21]} 26. Qxd2 {[%emt 0:00:40]} b3 {[%emt 0:04:07]} 27. Rc1 {[%emt 0:00:29]} Bc4 {[%emt 0:00:37]} 28. Nh3 {[%emt 0:00:42]} Rc7 {[%emt 0:04:53]} 29. Bg5 {[%emt 0:00:08]} Kd7 {[%emt 0:01:48]} 30. Nf4 {[%emt 0:00:35]} Qa6 {[%emt 0:04:00]} 31. Qd1 {[%emt 0:00:18]} Rhc8 {[%emt 0:01:10]} 32. Nxh5 {[%emt 0:00:10]} Bh8 {[%emt 0:00:17]} 33. Nf4 {[%emt 0:01:57]} Kc6 {[%emt 0:01:04]} 34. Nd3 {[%emt 0:00:06]} Kb6 {[%emt 0:02:23]} 35. Nc5 {[%emt 0:00:52]} Qb5 {[%emt 0:00:14]} 36. Kg2 {[%emt 0:03:07]} Bg7 {[%emt 0:00:29]} 37. h5 {[%emt 0:00:26]} Bf8 {[%emt 0:00:48]} 38. Be3 {[%emt 0:00:07]} f4 {[%emt 0:01:43]} 39. Bxf4 {[%emt 0:00:09]} Bxc5 {[%emt 0:00:11]} 40. dxc5+ {[%emt 0:00:01]} Kxc5 {[%emt 0:01:15]} 41. Be3+ {[%emt 0:30:16]} Kc6 {[%emt 0:30:11]} 42. Qd4 {[%emt 0:00:11]} Kd7 {[%emt 0:00:00]} 43. Qf4 {[%emt 0:00:00]} Ke8 {[%emt 0:00:00]} 44. Qg5 {[%emt 0:00:00]} d4 {[%emt 0:00:00]} 45. Qg8+ {[%emt 0:00:00]} Kd7 {[%emt 0:00:00]} 46. Qxf7+ {[%emt 0:00:00]} Kc6 {[%emt 0:00:00]} 47. Rxc4+ {[%emt 0:00:00]} Qxc4 {[%emt 0:00:00]} 48. Rc1 {[%emt 0:00:00]} Rxf7 {[%emt 0:00:00]} 49. Rxc4+ {[%emt 0:00:00]} Kb7 {[%emt 0:00:00]} 50. Rb4+ {[%emt 0:00:00]} Kc6 {[%emt 0:00:00]} 51. Rxd4 {[%emt 0:00:00]} Kb5 {[%emt 0:00:00]} 52. Rb4+ {[%emt 0:00:00]} Ka5 {[%emt 0:00:00]} 53. Bd2 {[%emt 0:00:00]} Rfc7 {[%emt 0:00:00]} 54. Rxb3+ {[%emt 0:00:00] normal} 1-0

[Event "GER-chT Youth Countries 2019"]
[Site "Wuerzburg"]
[Date "2019.10.02"]
[Round "1"]
[White "Arndt, Magnus"]
[Black "Holinka, Henning"]
[Result "1-0"]
[WhiteElo "2312"]
[BlackElo "2101"]
[Annotator "NA"]
[PlyCount "71"]
[EventDate "2019.10.02"]
[EventType "swiss"]
[EventRounds "7"]
[EventCountry "GER"]
[SourceTitle "playchess.com"]
[Source "ChessBase"]
[SourceQuality "1"]
[WhiteTeam "Schleswig-Holstein"]
[BlackTeam "Hamburg/Schleswig-Holstein"]
[WhiteTeamCountry "GER"]
[BlackTeamCountry "GER"]
[TimeControl "40/5400+30:1800+30"]

1. e4 {[%emt 0:00:00]} g6 {[%emt 0:00:00]} 2. d4 {[%emt 0:00:00]} Bg7 {[%emt 0:00:00]} 3. Nf3 {[%emt 0:00:00]} d6 {[%emt 0:00:00]} 4. Bd3 {[%emt 0:00:00]} Nc6 {[%emt 0:06:29]} 5. c3 {[%emt 0:01:27]} Nf6 {[%emt 0:02:54]} 6. h3 {[%emt 0:01:21]} e5 {[%emt 0:06:00]} 7. O-O {[%emt 0:01:08]} O-O {[%emt 0:02:02]} 8. Re1 {[%emt 0:01:49]} exd4 {[%emt 0:14:44]} 9. cxd4 {[%emt 0:04:56]} Nb4 {[%emt 0:03:03]} 10. Bf1 {[%emt 0:04:08]} c5 {[%emt 0:03:46]} 11. d5 {[%emt 0:18:00]} Re8 {[%emt 0:07:05]} 12. Nc3 {[%emt 0:06:20]} Bd7 {[%emt 0:10:31]} 13. Bf4 {[%emt 0:07:01]} Qb6 {[%emt 0:04:23]} 14. Nd2 {[%emt 0:05:07]} Bf8 {[%emt 0:12:32]} 15. a3 {[%emt 0:08:13]} Na6 {[%emt 0:00:55]} 16. Nc4 {[%emt 0:00:10]} Qc7 {[%emt 0:02:03]} 17. e5 {[%emt 0:02:34]} dxe5 {[%emt 0:04:26]} 18. Bxe5 {[%emt 0:01:28]} Qd8 {[%emt 0:01:08]} 19. Qf3 {[%emt 0:03:55]} Bg7 {[%emt 0:05:27]} 20. Nd6 {[%emt 0:03:37]} Rxe5 {[%emt 0:03:32]} 21. Rxe5 {[%emt 0:00:19]} Qc7 {[%emt 0:03:03]} 22. Nc4 {[%emt 0:00:46]} Ng4 {[%emt 0:03:40]} 23. d6 {[%emt 0:04:28]} Nxe5 {[%emt 0:00:15]} 24. Nxe5 {[%emt 0:00:07]} Qxd6 {[%emt 0:00:29]} 25. Qxf7+ {[%emt 0:00:09]} Kh8 {[%emt 0:00:04]} 26. Nxd7 {[%emt 0:00:30]} Rd8 {[%emt 0:00:40]} 27. Rd1 {[%emt 0:00:40]} Bd4 {[%emt 0:00:44]} 28. Rxd4 {[%emt 0:01:44]} cxd4 {[%emt 0:01:10]} 29. Nf6 {[%emt 0:00:12]} Qc7 {[%emt 0:00:26]} 30. Qxc7 {[%emt 0:01:22]} Nxc7 {[%emt 0:00:02]} 31. Nb1 {[%emt 0:01:52]} Ne6 {[%emt 0:01:12]} 32. Nd2 {[%emt 0:01:58]} Nc5 {[%emt 0:01:36]} 33. f3 {[%emt 0:02:23]} Na4 {[%emt 0:01:15]} 34. b3 {[%emt 0:02:04]} Nc3 {[%emt 0:00:44]} 35. Bd3 {[%emt 0:04:58]} Kg7 {[%emt 0:00:21]} 36. Nfe4 {[%emt 0:01:12] normal} 1-0

[Event "GER-chT Youth Countries 2019"]
[Site "Wuerzburg"]
[Date "2019.10.02"]
[Round "1"]
[White "Herbrig, Alexander"]
[Black "Tiarks, Jann-Christian"]
[Result "1/2-1/2"]
[WhiteElo "2295"]
[BlackElo "2178"]
[Annotator "NA"]
[PlyCount "67"]
[EventDate "2019.10.02"]
[EventType "team-tourn"]
[EventRounds "7"]
[EventCountry "GER"]
[SourceTitle "playchess.com"]
[Source "ChessBase"]
[SourceQuality "1"]
[WhiteTeam "Germany"]
[BlackTeam "Germany"]
[WhiteTeamCountry "GER"]
[BlackTeamCountry "GER"]
[TimeControl "40/5400+30:1800+30"]

1. c4 {[%emt 0:00:00]} c5 {[%emt 0:00:00]} 2. Nf3 {[%emt 0:00:00]} Nc6 {[%emt 0:00:00]} 3. d4 {[%emt 0:00:00]} cxd4 {[%emt 0:00:00]} 4. Nxd4 {[%emt 0:00:00]} Nf6 {[%emt 0:00:00]} 5. Nc3 {[%emt 0:00:09]} g6 {[%emt 0:00:00]} 6. g3 {[%emt 0:01:36]} Bg7 {[%emt 0:01:03]} 7. Bg2 {[%emt 0:00:48]} O-O {[%emt 0:00:25]} 8. O-O {[%emt 0:00:05]} Nxd4 {[%emt 0:09:52]} 9. Qxd4 {[%emt 0:00:02]} d6 {[%emt 0:00:33]} 10. Qd2 {[%emt 0:01:09]} Qc7 {[%emt 0:15:58]} 11. b3 {[%emt 0:08:34]} Bd7 {[%emt 0:00:19]} 12. Bb2 {[%emt 0:02:34]} Bc6 {[%emt 0:00:27]} 13. Nd5 {[%emt 0:05:11]} Nxd5 {[%emt 0:16:28]} 14. Bxg7 {[%emt 0:06:09]} Kxg7 {[%emt 0:00:23]} 15. cxd5 {[%emt 0:00:08]} Bd7 {[%emt 0:02:53]} 16. Qd4+ {[%emt 0:00:21]} Kg8 {[%emt 0:03:56]} 17. Rfc1 {[%emt 0:00:43]} Qa5 {[%emt 0:01:53]} 18. b4 {[%emt 0:03:28]} Qa4 {[%emt 0:00:53]} 19. Rc7 {[%emt 0:00:27]} Rab8 {[%emt 0:01:02]} 20. Be4 {[%emt 0:00:16]} Rfc8 {[%emt 0:09:16]} 21. Bc2 {[%emt 0:03:56]} Qb5 {[%emt 0:00:47]} 22. Bd3 {[%emt 0:05:07]} Qa4 {[%emt 0:00:16]} 23. Rac1 {[%emt 0:09:03]} Bh3 {[%emt 0:04:03]} 24. Rxc8+ {[%emt 0:16:28]} Rxc8 {[%emt 0:00:16]} 25. Rxc8+ {[%emt 0:00:50]} Bxc8 {[%emt 0:00:07]} 26. Qc4 {[%emt 0:00:25]} Qd7 {[%emt 0:05:41]} 27. Bc2 {[%emt 0:01:35]} Qd8 {[%emt 0:00:51]} 28. Kg2 {[%emt 0:03:47]} Bd7 {[%emt 0:00:46]} 29. a4 {[%emt 0:09:14]} Qc8 {[%emt 0:04:00]} 30. Qxc8+ {[%emt 0:02:51]} Bxc8 {[%emt 0:00:54]} 31. Kf3 {[%emt 0:01:26]} Bd7 {[%emt 0:00:53]} 32. e4 {[%emt 0:01:10]} Kg7 {[%emt 0:00:40]} 33. Ke3 {[%emt 0:00:31]} f5 {[%emt 0:00:21]} 34. f3 {[%emt 0:07:39] normal} 1/2-1/2

[Event "GER-chT Youth Countries 2019"]
[Site "Wuerzburg"]
[Date "2019.10.02"]
[Round "1"]
[White "Weber, Samuel"]
[Black "Richter, Nils"]
[Result "1/2-1/2"]
[WhiteElo "2288"]
[BlackElo "2213"]
[Annotator "NA"]
[PlyCount "81"]
[EventDate "2019.10.02"]
[EventType "swiss"]
[EventRounds "7"]
[EventCountry "GER"]
[SourceTitle "playchess.com"]
[Source "ChessBase"]
[SourceQuality "1"]
[WhiteTeam "Hessen"]
[BlackTeam "Württemberg"]
[WhiteTeamCountry "GER"]
[BlackTeamCountry "GER"]
[TimeControl "40/5400+30:1800+30"]

1. c4 {[%emt 0:00:00]} Nf6 {[%emt 0:00:00]} 2. g3 {[%emt 0:00:00]} g6 {[%emt 0:00:00]} 3. Bg2 {[%emt 0:00:14]} Bg7 {[%emt 0:00:00]} 4. Nc3 {[%emt 0:00:06]} O-O {[%emt 0:00:12]} 5. e4 {[%emt 0:00:26]} c5 {[%emt 0:01:26]} 6. Nge2 {[%emt 0:02:49]} Nc6 {[%emt 0:00:52]} 7. O-O {[%emt 0:00:38]} d6 {[%emt 0:01:03]} 8. d3 {[%emt 0:01:19]} Ne8 {[%emt 0:02:04]} 9. Rb1 {[%emt 0:01:51]} Nc7 {[%emt 0:03:32]} 10. a3 {[%emt 0:02:24]} a5 {[%emt 0:00:51]} 11. Be3 {[%emt 0:01:38]} Ne6 {[%emt 0:01:31]} 12. Qd2 {[%emt 0:05:30]} Ned4 {[%emt 0:04:06]} 13. Bxd4 {[%emt 0:06:36]} cxd4 {[%emt 0:07:39]} 14. Nb5 {[%emt 0:03:20]} a4 {[%emt 0:06:22]} 15. b3 {[%emt 0:03:17]} f5 {[%emt 0:06:36]} 16. bxa4 {[%emt 0:25:57]} e5 {[%emt 0:05:19]} 17. exf5 {[%emt 0:01:31]} gxf5 {[%emt 0:02:33]} 18. Bd5+ {[%emt 0:04:09]} Kh8 {[%emt 0:00:08]} 19. f4 {[%emt 0:05:14]} Ra6 {[%emt 0:16:40]} 20. Rbe1 {[%emt 0:06:40]} Ne7 {[%emt 0:06:21]} 21. Bg2 {[%emt 0:05:26]} Ng8 {[%emt 0:03:33]} 22. Nc1 {[%emt 0:03:17]} Re8 {[%emt 0:04:54]} 23. Na2 {[%emt 0:02:31]} Nf6 {[%emt 0:03:40]} 24. Nb4 {[%emt 0:00:54]} Rxa4 {[%emt 0:01:58]} 25. Nd5 {[%emt 0:04:24]} Nxd5 {[%emt 0:01:17]} 26. Bxd5 {[%emt 0:00:12]} Ra6 {[%emt 0:05:39]} 27. Qd1 {[%emt 0:03:58]} Bd7 {[%emt 0:02:32]} 28. Qh5 {[%emt 0:00:16]} Rf8 {[%emt 0:02:26]} 29. a4 {[%emt 0:05:20]} Be8 {[%emt 0:02:52]} 30. Qh3 {[%emt 0:00:22]} Bg6 {[%emt 0:00:59]} 31. Bxb7 {[%emt 0:02:40]} Rxa4 {[%emt 0:00:02]} 32. Qg2 {[%emt 0:01:33]} Qb6 {[%emt 0:03:10]} 33. Qc6 {[%emt 0:01:08]} Qxc6 {[%emt 0:02:33]} 34. Bxc6 {[%emt 0:00:01]} Ra6 {[%emt 0:01:15]} 35. Bb7 {[%emt 0:00:01]} Rb6 {[%emt 0:00:15]} 36. Bd5 {[%emt 0:00:07]} e4 {[%emt 0:02:09]} 37. dxe4 {[%emt 0:00:04]} fxe4 {[%emt 0:00:01]} 38. f5 {[%emt 0:01:38]} Bxf5 {[%emt 0:01:05]} 39. g4 {[%emt 0:00:21]} Bg6 {[%emt 0:00:49]} 40. Rxf8+ {[%emt 0:00:25]} Bxf8 {[%emt 0:00:01]} 41. Nxd4 {[%emt 0:31:18] normal} 1/2-1/2

[Event "GER-chT Youth Countries 2019"]
[Site "Wuerzburg"]
[Date "2019.10.02"]
[Round "1"]
[White "Maetzkow, Maximilian Paul"]
[Black "Nguyen, Alex Dac-Vuong"]
[Result "0-1"]
[WhiteElo "2287"]
[BlackElo "2128"]
[Annotator "NA"]
[PlyCount "68"]
[EventDate "2019.10.02"]
[EventType "swiss"]
[EventRounds "7"]
[EventCountry "GER"]
[SourceTitle "playchess.com"]
[Source "ChessBase"]
[SourceQuality "1"]
[WhiteTeam "Brandenburg/Berlin"]
[BlackTeam "Sachsen"]
[WhiteTeamCountry "GER"]
[BlackTeamCountry "GER"]
[TimeControl "40/5400+30:1800+30"]

1. d4 {[%emt 0:00:00]} Nf6 {[%emt 0:00:00]} 2. Nf3 {[%emt 0:00:00]} c5 {[%emt 0:00:00]} 3. d5 {[%emt 0:00:31]} e6 {[%emt 0:00:00]} 4. c4 {[%emt 0:00:24]} b5 {[%emt 0:00:00]} 5. e3 {[%emt 0:13:54]} Bb7 {[%emt 0:00:21]} 6. dxe6 {[%emt 0:00:25]} fxe6 {[%emt 0:00:07]} 7. cxb5 {[%emt 0:00:12]} d5 {[%emt 0:00:11]} 8. Be2 {[%emt 0:00:23]} Bd6 {[%emt 0:00:08]} 9. b3 {[%emt 0:01:38]} Nbd7 {[%emt 0:00:06]} 10. Bb2 {[%emt 0:00:39]} O-O {[%emt 0:00:13]} 11. Nbd2 {[%emt 0:02:36]} Qe7 {[%emt 0:01:00]} 12. O-O {[%emt 0:13:06]} Rad8 {[%emt 0:03:31]} 13. Qc2 {[%emt 0:04:12]} e5 {[%emt 0:09:52]} 14. e4 {[%emt 0:12:33]} Nxe4 {[%emt 0:00:14]} 15. Nxe4 {[%emt 0:00:05]} dxe4 {[%emt 0:00:06]} 16. Nd2 {[%emt 0:00:01]} Nf6 {[%emt 0:13:33]} 17. Nc4 {[%emt 0:03:52]} Bc7 {[%emt 0:11:02]} 18. Ne3 {[%emt 0:04:24]} Kh8 {[%emt 0:11:37]} 19. Rac1 {[%emt 0:04:15]} Bb6 {[%emt 0:00:14]} 20. Bc4 {[%emt 0:02:43]} Nh5 {[%emt 0:05:37]} 21. Rcd1 {[%emt 0:11:24]} Nf4 {[%emt 0:02:28]} 22. Rxd8 {[%emt 0:02:02]} Rxd8 {[%emt 0:04:08]} 23. Rd1 {[%emt 0:05:39]} Rd4 {[%emt 0:09:09]} 24. Bxd4 {[%emt 0:02:18]} exd4 {[%emt 0:07:03]} 25. Nf5 {[%emt 0:00:36]} Qg5 {[%emt 0:00:19]} 26. Ng3 {[%emt 0:00:00]} h5 {[%emt 0:04:51]} 27. h4 {[%emt 0:02:45]} Qxh4 {[%emt 0:00:09]} 28. Bf1 {[%emt 0:00:50]} Qg4 {[%emt 0:01:28]} 29. Re1 {[%emt 0:02:11]} h4 {[%emt 0:03:51]} 30. Nxe4 {[%emt 0:02:50]} Nh3+ {[%emt 0:04:41]} 31. Kh1 {[%emt 0:05:33]} Bxe4 {[%emt 0:00:12]} 32. Qe2 {[%emt 0:00:05]} Qxe2 {[%emt 0:04:40]} 33. Rxe2 {[%emt 0:00:03]} d3 {[%emt 0:00:44]} 34. Rd2 {[%emt 0:01:10]} Ba5 {[%emt 0:00:22] normal} 0-1

[Event "GER-chT Youth Countries 2019"]
[Site "Wuerzburg"]
[Date "2019.10.02"]
[Round "1"]
[White "Koelle, Tobias"]
[Black "Krastev, Alexander"]
[Result "1-0"]
[WhiteElo "2281"]
[BlackElo "2343"]
[Annotator "TA"]
[PlyCount "73"]
[EventDate "2019.10.02"]
[EventType "swiss"]
[EventRounds "7"]
[EventCountry "GER"]
[SourceTitle "playchess.com"]
[Source "ChessBase"]
[SourceQuality "1"]
[WhiteTeam "Württemberg"]
[BlackTeam "Hessen"]
[WhiteTeamCountry "GER"]
[BlackTeamCountry "GER"]

{[%evp 19,88,-2,-7,-38,-55,-58,-15,-10,-15,-14,-17,-25,-40,-64,-18,-25,-9,-20,-20,-37,-37,-21,-20,-27,18,17,94,83,72,87,79,85,92,51,57,0,0,0,0,0,117,0,48,37,77,74,83,107,158,158,144,167,257,241,245,211,204,197,204,203,196,191,243,247,393,408,401,389,392,391,409]} 1. d4 ({Predecessor:} 1. Nf3 g6 2. d4 Bg7 3. g3 Nf6 4. Bg2 O-O 5. O-O d6 6. c4 Nc6 7. Nc3 a6 8. d5 Na5 9. Qd3 c5 {½-½ (12) Wisskirchen,A (2205)-Siebenhaar,E (2051) Germany 2018}) 1... Nf6 2. c4 g6 3. Nf3 Bg7 4. g3 O-O 5. Bg2 c5 6. O-O Nc6 7. d5 Na5 8. Qd3 d6 9. Nc3 a6 10. e4 Rb8 11. Qe2 $146 {E66: King's Indian: Fianchetto: 6...c5 7 0-0 Nc6 8 d5} (11. Rb1 b5 12. cxb5 c4 13. Qd1 axb5 14. Nd4 b4 15. Nce2 Nd7 16. Bd2 Qb6 17. Nc2 b3 18. axb3 cxb3 19. Ncd4 Bxd4 20. Nxd4 Qxd4 21. Bxa5 Qxd1 22. Rfxd1 Nc5 23. Bc3 {1-0 (23) Plat,V (2471)-Dragun,K (2564) Krakow 2015}) 11... b5 12. e5 Ng4 13. e6 $1 {[%cal Rc4b5] The position is equal.} f5 14. h3 Nf6 15. Ng5 Nxc4 16. Nf7 Qe8 17. Nh6+ Kh8 18. Nf7+ Rxf7 19. exf7 Qxf7 20. Re1 Bb7 21. Qxe7 Qxe7 22. Rxe7 b4 {[#]} (22... Kg8 $11 {remains equal.}) 23. Na4 $1 $16 Bxd5 24. b3 Bxg2 25. Kxg2 Ne5 26. Ra7 Nd3 $1 27. Be3 ({White should try} 27. Rb1 $1 $14) 27... f4 $1 $11 {[%cal Rf4e3]} 28. gxf4 {And now Rd1 would win.} Nd5 29. Rd1 N5xf4+ (29... N3xf4+ $11 {keeps the balance.} 30. Kf1 Be5) 30. Kh1 (30. Kf1 $16) 30... Be5 31. Rxa6 Rd8 32. Rd2 Re8 33. h4 Ne1 (33... Bd4 $142) 34. Nb6 $16 Nf3 35. Rd1 Ne2 (35... Nxh4 $142 36. Nc4 Nhg2) 36. Nc4 $18 Nc3 {[#]} 37. Nxd6 {Played: Nc4xe5} 1-0

[Event "GER-chT Youth Countries 2019"]
[Site "Wuerzburg"]
[Date "2019.10.02"]
[Round "1"]
[White "Polster, Christian"]
[Black "Pahl, Erik"]
[Result "0-1"]
[WhiteElo "2279"]
[BlackElo "2081"]
[Annotator "NA"]
[PlyCount "88"]
[EventDate "2019.10.02"]
[EventType "swiss"]
[EventRounds "7"]
[EventCountry "GER"]
[SourceTitle "playchess.com"]
[Source "ChessBase"]
[SourceQuality "1"]
[WhiteTeam "Niedersachsen"]
[BlackTeam "Bremen/Niedersachsen"]
[WhiteTeamCountry "GER"]
[BlackTeamCountry "GER"]
[TimeControl "40/5400+30:1800+30"]

1. e4 {[%emt 0:00:00]} c5 {[%emt 0:00:00]} 2. Nf3 {[%emt 0:00:00]} d6 {[%emt 0:00:00]} 3. d4 {[%emt 0:00:00]} cxd4 {[%emt 0:00:00]} 4. Nxd4 {[%emt 0:00:00]} Nf6 {[%emt 0:00:00]} 5. Nc3 {[%emt 0:00:01]} Bd7 {[%emt 0:00:32]} 6. f3 {[%emt 0:02:21]} e5 {[%emt 0:01:48]} 7. Nb3 {[%emt 0:01:32]} Be7 {[%emt 0:00:45]} 8. Be3 {[%emt 0:01:18]} O-O {[%emt 0:00:31]} 9. Qd2 {[%emt 0:09:12]} a5 {[%emt 0:00:18]} 10. a4 {[%emt 0:02:54]} Na6 {[%emt 0:00:40]} 11. Nd5 {[%emt 0:32:35]} Nxd5 {[%emt 0:05:14]} 12. exd5 {[%emt 0:01:55]} b6 {[%emt 0:06:56]} 13. Be2 {[%emt 0:03:32]} Nc5 {[%emt 0:02:25]} 14. Nxc5 {[%emt 0:01:07]} bxc5 {[%emt 0:00:28]} 15. O-O {[%emt 0:01:03]} f5 {[%emt 0:01:41]} 16. Bb5 {[%emt 0:04:27]} f4 {[%emt 0:06:08]} 17. Bf2 {[%emt 0:00:53]} Bf5 {[%emt 0:00:20]} 18. c3 {[%emt 0:04:50]} Bh4 {[%emt 0:02:18]} 19. b4 {[%emt 0:03:00]} Bxf2+ {[%emt 0:00:17]} 20. Rxf2 {[%emt 0:00:10]} Qb6 {[%emt 0:00:18]} 21. bxa5 {[%emt 0:03:25]} Rxa5 {[%emt 0:02:47]} 22. c4 {[%emt 0:02:08]} g5 {[%emt 0:03:21]} 23. Ra2 {[%emt 0:04:11]} Rfa8 {[%emt 0:08:37]} 24. Rb2 {[%emt 0:02:41]} Qc7 {[%emt 0:00:36]} 25. Bc6 {[%emt 0:05:11]} R8a7 {[%emt 0:00:21]} 26. Qe1 {[%emt 0:07:10]} Bd7 {[%emt 0:11:01]} 27. Qb1 {[%emt 0:02:00]} Bxc6 {[%emt 0:08:26]} 28. dxc6 {[%emt 0:02:26]} Rxa4 {[%emt 0:01:36]} 29. Rf1 {[%emt 0:03:11]} R4a6 {[%emt 0:13:58]} 30. Qf5 {[%emt 0:00:55]} Rxc6 {[%emt 0:04:04]} 31. Rfb1 {[%emt 0:00:38]} Qe7 {[%emt 0:01:12]} 32. h4 {[%emt 0:00:33]} Rca6 {[%emt 0:05:01]} 33. Rb8+ {[%emt 0:00:31]} Kg7 {[%emt 0:00:11]} 34. hxg5 {[%emt 0:00:17]} Ra1 {[%emt 0:01:22]} 35. Rxa1 {[%emt 0:00:50]} Rxa1+ {[%emt 0:00:08]} 36. Kf2 {[%emt 0:00:27]} Ra7 {[%emt 0:04:26]} 37. Qc8 {[%emt 0:00:33]} Qxg5 {[%emt 0:03:12]} 38. Qf8+ {[%emt 0:00:30]} Kg6 {[%emt 0:00:06]} 39. Qxd6+ {[%emt 0:00:28]} Kh5 {[%emt 0:00:12]} 40. Ke2 {[%emt 0:00:33]} Ra2+ {[%emt 0:03:44]} 41. Kd1 {[%emt 0:01:57]} Ra1+ {[%emt 0:00:12]} 42. Kc2 {[%emt 0:00:37]} Qxg2+ {[%emt 0:00:09]} 43. Kc3 {[%emt 0:00:11]} Rc1+ {[%emt 0:00:11]} 44. Kd3 {[%emt 0:00:04]} Qc2# {normal} 0-1